| 000 | 00614nam a2200181 i 4500 | ||
|---|---|---|---|
| 001 | 95536 | ||
| 003 | ES-MaACL | ||
| 005 | 20230906181727.0 | ||
| 007 | t| | ||
| 008 | 090531s1935 sp |||| |dspa d | ||
| 100 | 1 |
_aLlanos y Torriglia, Félix de, _d1868-1949 _972719 |
|
| 245 | 1 | 3 |
_aLa emperatriz Eugenia en el Archivo del Palacio de Liria / _cFélix de Llanos y Torriglia. |
| 260 |
_aMadrid : _bTip. de Archivos, _c1935. |
||
| 300 |
_a42 p. ; _c24 cm. |
||
| 600 | 0 | 4 |
_aEugenia _cEmperatriz consorte de Napoleón III, Emperador de Francia. _948322 |
| 852 |
_aES-MaACL _j1805-F-14 |
||
| 999 |
_c95536 _d95536 |
||